Fr. Conceicao Rodrigues College of Engineering

Introduction to Datastructures with applications (Record no. 33930)

MARC details
000 -LEADER
fixed length control field 00370nam a2200157Ia 4500
082 ## - DEWEY DECIMAL CLASSIFICATION NUMBER
Classification number 5.73
Item number TRE
100 ## - MAIN ENTRY--PERSONAL NAME
Personal name Tremblay/Jean-Paul
245 ## - TITLE STATEMENT
Title Introduction to Datastructures with applications
260 ## - PUBLICATION, DISTRIBUTION, ETC.
Name of publisher, distributor, etc. Tata Mc Graw hill Ltd.
Date of publication, distribution, etc. 1984
366 ## - TRADE AVAILABILITY INFORMATION
Publishers's discount category 23
300 ## - PHYSICAL DESCRIPTION
Extent 861
546 ## - LANGUAGE NOTE
Language note ENGLISH
-- Computers
650 ## - SUBJECT ADDED ENTRY--TOPICAL TERM
Topical term or geographic name entry element Datastructures
942 ## - ADDED ENTRY ELEMENTS (KOHA)
Koha item type BOOK
Holdings
Withdrawn status Lost status Damaged status Not for loan Collection Home library Current library Date acquired Source of acquisition Cost, normal purchase price Inventory number Total Checkouts Full call number Barcode Date last seen Cost, replacement price Price effective from Koha item type
        CRC Fr. Agnel's C.Rodrigues College of Engineering Fr. Agnel's C.Rodrigues College of Engineering 17/03/2023 Book Base 365.75 12317 dt 22/06/2013   5.73 TRE 22738 17/03/2023 475.00   BOOK
        CRC Fr. Agnel's C.Rodrigues College of Engineering Fr. Agnel's C.Rodrigues College of Engineering 17/03/2023 Book Base 365.75 12317 dt 22/06/2013   5.73 TRE 22739 17/03/2023 475.00   BOOK
        CRC Fr. Agnel's C.Rodrigues College of Engineering Fr. Agnel's C.Rodrigues College of Engineering 17/03/2023 Book Base 365.75 12317 dt 22/06/2013   5.73 TRE 22740 17/03/2023 475.00   BOOK
        CRC Fr. Agnel's C.Rodrigues College of Engineering Fr. Agnel's C.Rodrigues College of Engineering 17/03/2023 Book Base 365.75 12317 dt 22/06/2013   5.73 TRE 22741 17/03/2023 475.00   BOOK
        CRC Fr. Agnel's C.Rodrigues College of Engineering Fr. Agnel's C.Rodrigues College of Engineering 17/03/2023 Book Base 365.75 12317 dt 22/06/2013   5.73 TRE 22742 17/03/2023 475.00   BOOK